000
00217nam a22000857a 4500
008
170527b xxu||||| |||| 00| 0 eng d
100
_9
3165
_a
Koshyz.S.
245
_a
Computer information
260
_a
New delhi
_b
Cordova
_c
2010
999
_c
6468
_d
6468